000
00310nam a2200121Ia 4500
008
231129s1999||||xx |||||||||||||| ||spa||
082
_a
ER- 589
100
_a
Toro Zuluaga Germán
245
0
_a
Manual para la participación ciudadana
260
_c
1999
264
_a
Pereira: Papiro 1999
942
_2
ddc
_c
BKS
999
_c
20534
_d
20534